Kieli
English
Deutsch
Español
Français
Italiano
日本語
Nederlands
Português
Português (Brasil)
中文(简体)
中文(繁體)
Türkçe
עברית
Gaeilge
Cymraeg
Ελληνικά
Català
Euskara
Русский
Čeština
Suomi
Svenska
polski
Dansk
slovenščina
اللغة العربية
বাংলা
Galego
Tiếng Việt
Hrvatski
हिंदी
Հայերէն
Українська
Kaikki kentät
Nimeke
Tekijä
Aihe
ISBN/ISSN
Tagi
Tunniste
Hae
Tarkennettu
№ 11; Известия Академии Наук С...
Sitaatti
Tekstiviesti
Lähetä sähköpostilla
Tulosta
Vie tietue
Vienti: RefWorks
Vienti: EndNoteWeb
Vienti: EndNote
Pysyvä linkki
Esportazione completata correttamente —
№ 11; Известия Академии Наук СССР. Отделение технических наук
Bibliografiset tiedot
Parent link:
Известия Академии Наук СССР. Отделение технических наук: научный журнал/ Академия наук СССР (АН СССР). № 11.— , 1937-1958
Kieli:
venäjä
Julkaistu:
1947
Aineistotyyppi:
MixedMaterials
Kirja
KOHA link:
https://koha.lib.tpu.ru/cgi-bin/koha/opac-detail.pl?biblionumber=502440
Saatavuustiedot
Kuvaus
Samankaltaisia teoksia
Henkilökuntanäyttö
MARC
LEADER
00000nam2a2200000 4500
001
502440
005
20231101102347.0
035
|a
(RuTPU)RU\TPU\prd\172961
035
|a
RU\TPU\prd\172949
090
|a
502440
100
|a
20130328b1947 k y0rusy50 ca
101
0
|a
rus
102
|a
RU
200
0
|a
№ 11
210
|d
1947
461
1
|0
(RuTPU)RU\TPU\prd\762
|t
Известия Академии Наук СССР. Отделение технических наук
|o
научный журнал
|f
Академия наук СССР (АН СССР)
|v
№ 11
|d
1937-1958
801
0
|a
RU
|b
63413507
|c
20010227
|g
PSBO
801
1
|a
RU
|b
63413507
|c
20130327
801
2
|a
RU
|b
63413507
|c
20130328
|g
RCR
942
|c
BK
999
|a
НТБ_ТПУ
|b
НФ
|e
-4/20130109
|p
П-701г
|u
0,00
|v
1
|x
5384
Samankaltaisia teoksia
№ 11; Известия Академии Наук СССР. Отделение технических наук
Julkaistu: (1946)
№ 11; Известия Академии Наук СССР. Отделение технических наук
Julkaistu: (1948)
№ 11; Известия Академии Наук СССР. Отделение технических наук
Julkaistu: (1951)
№ 11; Известия Академии Наук СССР. Отделение технических наук
Julkaistu: (1952)
№ 11; Известия Академии Наук СССР. Отделение технических наук
Julkaistu: (1953)